Central Library OPAC University of Rajshahi

Industrial chemistry - inorganic / (Record no. 70165)

MARC details
000 -LEADER
fixed length control field 00841nam a2200253 a 4500
001 - CONTROL NUMBER
control field 70165
003 - CONTROL NUMBER IDENTIFIER
rucl marc code BD-RjUL
005 - DATE AND TIME OF LATEST TRANSACTION
control field 20211209081954.0
008 - FIXED-LENGTH DATA ELEMENTS--GENERAL INFORMATION
fixed length control field 170416s1970 enka 001 0 eng d
035 ## - SYSTEM CONTROL NUMBER
System control number (BD-RjUL)70377
040 ## - CATALOGING SOURCE
Original cataloging agency APLS
Language of cataloging eng
Transcribing agency APLS
Modifying agency AUC
-- ANL
041 ## - LANGUAGE CODE
Language code of text/sound track or separate title eng
082 04 - DEWEY DECIMAL CLASSIFICATION NUMBER
Classification number 661
Edition number 23
Author mark and year SAI 1970
100 1# - MAIN ENTRY--PERSONAL NAME
Personal name Samuel, D. M.
Fuller form of name (Dilwyn Morgan)
9 (RLIN) 207799
245 10 - TITLE STATEMENT
Title Industrial chemistry - inorganic /
Statement of responsibility, etc. D. M. Samuel.
250 ## - EDITION STATEMENT
Edition statement 2nd ed.
260 ## - PUBLICATION, DISTRIBUTION, ETC. (IMPRINT)
Place of publication, distribution, etc. London :
Name of publisher, distributor, etc. Royal Institute of Chemistry,
Date of publication, distribution, etc. 1970.
300 ## - PHYSICAL DESCRIPTION
Pagination vii,167p :
Illustrations ill. ;
Size 22cm.
650 #0 - SUBJECT ADDED ENTRY--TOPICAL TERM
Topical term or geographic name as entry element Chemistry, Technical.
9 (RLIN) 163507
Topical term or geographic name as entry element Chemistry, Inorganic.
9 (RLIN) 117207
830 ## - SERIES ADDED ENTRY--UNIFORM TITLE
Uniform title Royal institute of Chemistry Monographs for teachers ;
Volume number/sequential designation no.10
942 ## - ADDED ENTRY ELEMENTS (KOHA)
Source of classification or shelving scheme Dewey Decimal Classification
Koha item type Books
Holdings
Lost status Source of classification or shelving scheme Damaged status Not for loan Collection code Permanent Location Current Location Shelving location Date acquired Source of acquisition Cost, normal purchase price Total Checkouts Full call number Date last seen Copy number Koha item type
  Dewey Decimal Classification   Not For Loan Non-fiction Central Library, University of Rajshahi Central Library, University of Rajshahi Reading Room 03/11/1990 Canada Gift 0.00   661 SAI 1970 16/04/2017 C-1 Books